000 00651nas a2200217 4500
001 BR7302440
003 BR-BrBNA
005 20231205082430.0
007 ta
008 230509b bl.|||p| |||| 00| 00por d
040 _aBR-BrBNA
_bpor
_cBiblioteca Nacional de Agricultura
041 _a(Pt)
072 _aF70; F50
100 1 _aToledo, J.F.
245 1 _aVernonia et Verbesinae novae brasilienses [Angiospermae]
650 _aASSA-PEIXE
650 _aCRAVEIRO DO CAMPO
773 0 _tArquivos de Botanica do Estado de Sao Paulo (Brazil)
_x
_g(1942), v. 1(4) p. 95-98
_wBR7302440
909 _a202311
_bLúcia
_c55
_dLúcia Elande
942 _2AGRIS
_n0
_cANA
999 _c91760
_d91760